• 首页
  • 本馆介绍
  • 公告通知
  • 最新文献
  • 馆藏检索
  • 电子资源
  • 读者导购
  • 参考咨询
  • 我的图书馆
  • 登录
  • 详细信息显示
  • 放入我的书架
  • 预约/预借图书
  • 作者相关作品
  • 分类相关作品
  • 丛书相关作品
  • 出版社相关作品

书目信息

  • 表格格式
  • 工作单格式
  • 卡片格式
题名:
微生物学
    
 
作者: 李阜棣 , 胡正嘉 主编
分册:  
出版信息: 北京   中国农业出版社  2019.6
页数: 418页
开本: 26cm
丛书名:
单 册:
中图分类: Q93
科图分类:
主题词: 微生物学--高等教育--教材 , 微生物学
电子资源:
ISBN: 978-7-109-11304-6
000 00909nam0 2200277 45
001 012001001709
005 20211013150047.19
010    @a978-7-109-11304-6@dCNY49.50
100    @a20070608d2007 em y0chiy50 ea
101 0  @achi
102    @aCN@b110000
105    @aa z 001yy
106    @ar
200 1  @a微生物学@Awei sheng wu xue@b专著@f李阜棣,胡正嘉主编
205    @a6版
210    @a北京@c中国农业出版社@d2019.6
215    @a418页@c图@d26cm
300    @a普通高等教育“十一五”国家级规划教材 面向21世纪课程教材
330    @a本书系统地介绍了微生物学的基本原理,阐述了微生物的细胞结构、代谢、遗传、生长繁殖、原核生物、微生物的生长及外界因素的影响等。
606 0  @a微生物学@x高等教育@j教材
606 0  @a微生物学
690    @aQ93@v4
701  0 @a李阜棣@Ali fu di@4主编
701  0 @a胡正嘉@Ahu zheng jia@f(1930~)@4主编
801  0 @aCN@bBJSDL@c20211011
905    @b1336907-9@dQ93@e119=6@f3
    
    微生物学/李阜棣,胡正嘉主编.-6版.-北京:中国农业出版社,2019.6
    418页:图;26cm
    普通高等教育“十一五”国家级规划教材 面向21世纪课程教材
    
    ISBN 978-7-109-11304-6:CNY49.50
    本书系统地介绍了微生物学的基本原理,阐述了微生物的细胞结构、代谢、遗传、生长繁殖、原核生物、微生物的生长及外界因素的影响等。
●
相关链接 在E读中查询图书 在五车中查询图书 在当当中查询图书 在豆瓣中查询图书


正题名:微生物学     索取号:Q93/119=6         预约/预借

序号 登录号 条形码 馆藏地/架位号 状态 备注
1 1336907   213369077   第二样本阅览室/ [索取号:Q93/119=6] 在馆    
2 1336908   213369086   第三借阅区/ [索取号:Q93/119=6] 在馆    
3 1336909   213369095   第三借阅区/ [索取号:Q93/119=6] 在馆    
唐山师范学院图书馆 欢迎您!
大连网信软件有限公司© 版权所有